[Event "Open Ricany 2012"]
[Site "www.openricany.cz"]
[Date "2012.09.01"]
[Round "8.25"]
[White "Fencl, Pavel"]
[Black "Lacha, Jan"]
[Result "1-0"]
[WhiteElo "1966"]
[BlackElo "1891"]
[PlyCount "109"]
[EventDate "2012.??.??"]

1. c4 e5 2. Nc3 d6 3. g3 f5 4. Bg2 Nf6 5. e4 Be7 6. d3 c6 7. Nge2 fxe4 8. dxe4
Be6 9. b3 Na6 10. Ba3 Qa5 11. Bb2 O-O 12. O-O Rad8 13. Qe1 Kh8 14. Rd1 Nc7 15.
Nc1 b5 16. cxb5 Nxb5 17. Na4 Qxe1 18. Rfxe1 c5 19. Bf1 Nd4 20. Bxd4 cxd4 21.
Nd3 Rc8 22. f4 Ng4 23. Bh3 Rc2 24. Nb4 Rfc8 25. Nxc2 Rxc2 26. f5 Nf2 27. Bf1
Nxd1 28. Rxd1 Bf7 29. Bd3 Rc7 30. Rd2 d5 31. Rc2 Rxc2 32. Bxc2 dxe4 33. Bxe4
Ba3 34. Bc6 h5 35. Kf2 g6 36. f6 Kg8 37. Kf3 Be6 38. Ke4 Bd6 39. Be8 Bf7 40.
Bd7 g5 41. Kf5 g4 42. Nb2 Kh7 43. Bb5 Ba3 44. Nd3 e4 45. Kxe4 Kg6 46. Ke5 h4
47. Nf4+ Kg5 48. Bc4 Bb2 49. gxh4+ Kxh4 50. Bxf7 d3+ 51. Kf5 d2 52. Ng2+ Kh3
53. Ne3 Bd4 54. Nd1 Bg1 55. Bh5 1-0

[Event "Open Ricany 2012"]
[Site "www.openricany.cz"]
[Date "2012.09.01"]
[Round "8.26"]
[White "Koys, Milan"]
[Black "Sargsyan, Karen"]
[Result "0-1"]
[WhiteElo "2100"]
[BlackElo "1932"]
[PlyCount "57"]
[EventDate "2012.??.??"]

1. e4 c5 2. Nf3 e6 3. Nc3 Nc6 4. Be2 a6 5. d4 cxd4 6. Nxd4 Qc7 7. O-O Nf6 8. a3
Be7 9. Be3 O-O 10. Kh1 d5 11. exd5 Nxd5 12. Nxd5 exd5 13. c3 Bd6 14. Bd3 Ne5
15. f4 Nxd3 16. Qxd3 Qc4 17. Qd2 Re8 18. Rf3 Bd7 19. Rd1 Bg4 20. Rg3 Bxd1 21.
Qxd1 Qc8 22. h4 Re4 23. Qh5 g6 24. Qxd5 Bxf4 25. Rf3 Rxe3 26. Rxf4 Re1+ 27. Kh2
Qc7 28. g3 Rae8 29. h5 0-1

[Event "Open Ricany 2012"]
[Site "www.openricany.cz"]
[Date "2012.09.01"]
[Round "8.27"]
[White "Koper, Stefan"]
[Black "Pospisil, Martin"]
[Result "1-0"]
[WhiteElo "1989"]
[BlackElo "2084"]
[PlyCount "39"]
[EventDate "2012.??.??"]

1. d4 Nf6 2. c4 e6 3. Nf3 b6 4. g3 Bb7 5. Bg2 c5 6. O-O d5 7. dxc5 Bxc5 8. Ne5
O-O 9. Nc3 Qc7 10. Bf4 Nh5 11. cxd5 Nxf4 12. gxf4 Rd8 13. Qb3 Re8 14. Rfd1 exd5
15. Nxd5 Qc8 16. Nf6+ gxf6 17. Qxf7+ Kh8 18. Qxf6+ Kg8 19. Qf7+ Kh8 20. Bxb7
1-0

[Event "Open Ricany 2012"]
[Site "www.openricany.cz"]
[Date "2012.09.01"]
[Round "8.28"]
[White "Tvrdy, Jindrich"]
[Black "Vavrinec, Tomas"]
[Result "0-1"]
[WhiteElo "1908"]
[BlackElo "2018"]
[PlyCount "84"]
[EventDate "2012.??.??"]

1. e4 e6 2. d3 d5 3. Qe2 Nf6 4. Nf3 Be7 5. g3 b6 6. Bg2 c5 7. e5 Nfd7 8. c4 Nf8
9. h4 h6 10. O-O Nc6 11. Re1 Bb7 12. Nc3 Qd7 13. cxd5 exd5 14. d4 cxd4 15. Nb5
Ne6 16. Bh3 d3 17. Qxd3 O-O 18. Bxe6 fxe6 19. Nbd4 Nxd4 20. Nxd4 Bb4 21. Rd1
Qf7 22. Be3 a5 23. Qe2 Ba6 24. Qg4 Rae8 25. h5 Bc5 26. Kg2 Kh7 27. Rac1 a4 28.
b3 a3 29. Rc3 Rg8 30. Qf3 Qe7 31. Nc6 Qb7 32. Bxc5 bxc5 33. Rxc5 Rgf8 34. Qc3
Rf5 35. Qc2 Kh8 36. f4 d4 37. Rxd4 Rxh5 38. Rb4 Qa8 39. Ra4 Rc8 40. Qc3 Qb7 41.
Qb4 Rxc6 42. Rxc6 Qxc6+ 0-1

[Event "Open Ricany 2012"]
[Site "www.openricany.cz"]
[Date "2012.09.01"]
[Round "8.29"]
[White "Hlina, Milos"]
[Black "Havlik, Frantisek"]
[Result "1/2-1/2"]
[WhiteElo "1857"]
[BlackElo "1994"]
[PlyCount "21"]
[EventDate "2012.??.??"]

1. e4 e6 2. d4 d5 3. exd5 exd5 4. Bd3 Bd6 5. Ne2 Ne7 6. Nd2 Nd7 7. Nf3 Nf6 8.
h3 Bf5 9. Bf4 O-O 10. O-O Re8 11. c3 1/2-1/2

[Event "Open Ricany 2012"]
[Site "www.openricany.cz"]
[Date "2012.09.01"]
[Round "8.30"]
[White "Hadrava, Jaroslava"]
[Black "Rihova, Kamila"]
[Result "1-0"]
[WhiteElo "1914"]
[BlackElo "1672"]
[PlyCount "57"]
[EventDate "2012.??.??"]

1. e4 e5 2. f4 Qh4+ 3. g3 Qe7 4. fxe5 Qxe5 5. Nc3 d6 6. d4 Qe7 7. Bc4 Be6 8. d5
Bd7 9. Qe2 g6 10. Bd2 Bg7 11. O-O-O Nf6 12. h3 O-O 13. Nf3 Ne8 14. Rde1 f6 15.
g4 a6 16. Qg2 b5 17. Bb3 a5 18. a3 Na6 19. h4 Nc5 20. Ba2 b4 21. Nb1 bxa3 22.
Nxa3 Na4 23. Nd4 Qf7 24. Nc4 f5 25. e5 Bc8 26. Nc6 fxg4 27. Rhf1 Bf5 28. e6 Qf6
29. Bg5 1-0

[Event "Open Ricany 2012"]
[Site "www.openricany.cz"]
[Date "2012.09.01"]
[Round "8.31"]
[White "Petrun, Milan"]
[Black "Rezac, Jindrich"]
[Result "1/2-1/2"]
[WhiteElo "1925"]
[BlackElo "1874"]
[PlyCount "147"]
[EventDate "2012.??.??"]

1. e4 e5 2. Bc4 Bc5 3. Nf3 Nc6 4. b4 Bxb4 5. c3 Ba5 6. O-O Nf6 7. d3 O-O 8. a4
h6 9. Qb3 d6 10. h3 Bb6 11. Qc2 Qe7 12. Ba3 Be6 13. Nbd2 Bxc4 14. Nxc4 Qe6 15.
Ncd2 Rfe8 16. Rfe1 Nh5 17. Bb2 Nf4 18. Nf1 Qg6 19. Ne3 Nxh3+ 20. Kh1 Nf4 21. g3
Qh5+ 22. Nh2 Ne6 23. Nf5 Ng5 24. Nh4 Re6 25. Rf1 Rf6 26. f3 Ne7 27. d4 Ng6 28.
Nxg6 Qxg6 29. a5 Bxa5 30. Rxa5 Re6 31. d5 Re7 32. Bc1 Nh7 33. Kg2 Nf6 34. Qf2
b6 35. Ra6 Nd7 36. Be3 Nf6 37. Rfa1 Kh7 38. Rxa7 Rxa7 39. Rxa7 Rd7 40. Nf1 h5
41. Nd2 Ne8 42. Bxb6 f5 43. exf5 Qxf5 44. Be3 Nf6 45. c4 g5 46. Ne4 Nxe4 47.
fxe4 Qxe4+ 48. Qf3 Qc2+ 49. Qf2 Qe4+ 50. Kg1 Qb1+ 51. Kh2 Rg7 52. Ra2 Qe4 53.
Qc2 Qxc2+ 54. Rxc2 Kg6 55. Rf2 c6 56. Kh3 cxd5 57. cxd5 Rb7 58. Kg2 Rb5 59. Rd2
Kf5 60. Kf2 h4 61. gxh4 gxh4 62. Kf3 h3 63. Bg1 Rb3+ 64. Kf2 Ke4 65. Bh2 Rb5
66. Kg3 Rxd5 67. Rxd5 Kxd5 68. Kxh3 Ke4 69. Kg2 d5 70. Kf2 d4 71. Ke2 d3+ 72.
Kd2 Kd4 73. Bxe5+ Kxe5 74. Kxd3 1/2-1/2

[Event "Open Ricany 2012"]
[Site "www.openricany.cz"]
[Date "2012.09.01"]
[Round "8.32"]
[White "Boucek, Vlastimil"]
[Black "Havelka, Jan"]
[Result "0-1"]
[WhiteElo "2008"]
[BlackElo "1762"]
[PlyCount "116"]
[EventDate "2012.??.??"]

1. e4 c5 2. Nc3 Nc6 3. g3 g6 4. Bg2 Bg7 5. d3 d6 6. Be3 e6 7. Qd2 Rb8 8. Nge2
b5 9. O-O b4 10. Nd1 Nd4 11. Nc1 a5 12. c3 Nc6 13. a4 Nge7 14. Bh6 O-O 15. Bxg7
Kxg7 16. f4 f5 17. h3 Bb7 18. Qe3 Qd7 19. Kh2 Nd8 20. g4 Rc8 21. gxf5 exf5 22.
Rg1 Ne6 23. Ne2 d5 24. e5 d4 25. Qg3 Bxg2 26. Rxg2 dxc3 27. bxc3 c4 28. dxc4
Rxc4 29. Nb2 Rc6 30. Rd1 Qc7 31. c4 Rd8 32. Rgg1 Rxd1 33. Rxd1 Rxc4 34. Nxc4
Qxc4 35. Qd3 Qa2 36. Rd2 Qxa4 37. Qa6 Kf7 38. Qa7 b3 39. Rd7 Qa3 40. Qe3 Qa2
41. Kg3 b2 42. Nc3 b1=Q 43. Nxa2 Qxa2 44. Ra7 g5 45. Qb6 gxf4+ 46. Kh4 Qg2 47.
Rxe7+ Kxe7 48. Qd6+ Kf7 49. Qd7+ Kf8 50. Qd6+ Kg7 51. Qe7+ Kh8 52. Qf6+ Qg7 53.
Qxe6 Qg3+ 54. Kh5 Qxh3+ 55. Kg5 Qg4+ 56. Kf6 Qg6+ 57. Ke7 Qxe6+ 58. Kxe6 f3 0-1

[Event "Open Ricany 2012"]
[Site "www.openricany.cz"]
[Date "2012.09.01"]
[Round "8.33"]
[White "Koller, Martin"]
[Black "Cermak, Jan"]
[Result "1-0"]
[WhiteElo "1900"]
[BlackElo "1731"]
[PlyCount "51"]
[EventDate "2012.??.??"]

1. d4 d5 2. c4 dxc4 3. Nf3 Nf6 4. Nc3 a6 5. e4 b5 6. e5 Nd5 7. a4 c6 8. Be2 Bb7
9. e6 f6 10. Nh4 Qd6 11. O-O Nxc3 12. bxc3 Qxe6 13. Bg4 Qd5 14. Re1 g6 15. Qe2
Kd8 16. Ba3 Qf7 17. d5 cxd5 18. Rad1 Nc6 19. Rxd5+ Kc7 20. Rd7+ Kb8 21. Qe3 Ne5
22. Rd8+ Kc7 23. Rxa8 Bxa8 24. Bb4 Nc6 25. Rd1 Ne5 26. Ba5+ 1-0

[Event "Open Ricany 2012"]
[Site "www.openricany.cz"]
[Date "2012.09.01"]
[Round "8.34"]
[White "Paukert, Jan"]
[Black "Skvaril, Michal"]
[Result "1/2-1/2"]
[WhiteElo "1890"]
[BlackElo "1724"]
[PlyCount "48"]
[EventDate "2012.??.??"]

1. d4 d5 2. Nf3 e6 3. g3 Nf6 4. Bg2 Be7 5. O-O O-O 6. c4 c6 7. b3 b6 8. Bb2 Bb7
9. cxd5 exd5 10. Nbd2 Nbd7 11. Ne5 Ne8 12. e4 Nxe5 13. dxe5 d4 14. f4 c5 15.
Qg4 Kh8 16. h4 Rg8 17. f5 g6 18. f6 Bf8 19. Qf4 Nc7 20. Bh3 Bc8 21. g4 Bd7 22.
Qg3 Be6 23. Nf3 Qe8 24. g5 Bxh3 1/2-1/2

[Event "Open Ricany 2012"]
[Site "www.openricany.cz"]
[Date "2012.09.01"]
[Round "8.35"]
[White "Havelka, Petr"]
[Black "Vystrcil, Martin"]
[Result "1/2-1/2"]
[WhiteElo "1889"]
[BlackElo "1750"]
[PlyCount "54"]
[EventDate "2012.??.??"]

1. d4 Nf6 2. c4 g6 3. Nc3 Bg7 4. e4 d6 5. Nf3 O-O 6. Be2 Bg4 7. Be3 Bxf3 8.
Bxf3 Nc6 9. O-O Nd7 10. Rc1 e5 11. d5 Nd4 12. Be2 f5 13. f3 f4 14. Bxd4 exd4
15. Nb5 d3 16. Qxd3 Bxb2 17. Rb1 Be5 18. Nd4 Nc5 19. Qd2 Bxd4+ 20. Qxd4 Qe7 21.
Rfe1 Rae8 22. Bf1 Qe5 23. Qxe5 Rxe5 24. Be2 g5 25. h3 h5 26. Kf2 Kf7 27. Rh1 h4
1/2-1/2

[Event "Open Ricany 2012"]
[Site "www.openricany.cz"]
[Date "2012.09.01"]
[Round "8.36"]
[White "Nigrin, Jiri"]
[Black "Halla, Jiri"]
[Result "1/2-1/2"]
[WhiteElo "1684"]
[BlackElo "1885"]
[PlyCount "30"]
[EventDate "2012.??.??"]

1. c4 e5 2. Nc3 Nf6 3. g3 g6 4. Bg2 Bg7 5. d3 O-O 6. Nf3 d6 7. O-O Nc6 8. a3 a5
9. Bg5 h6 10. Bd2 Be6 11. Rb1 Qd7 12. Bc1 Kh7 13. b4 axb4 14. axb4 Bh3 15. b5
Ne7 1/2-1/2

[Event "Open Ricany 2012"]
[Site "www.openricany.cz"]
[Date "2012.09.01"]
[Round "8.38"]
[White "Eisner, Oldrich"]
[Black "Berg, Antonin"]
[Result "0-1"]
[WhiteElo "1833"]
[BlackElo "1808"]
[PlyCount "39"]
[EventDate "2012.??.??"]

1. d4 Nf6 2. Nf3 e6 3. c4 d5 4. g3 dxc4 5. Qa4+ Nc6 6. Qxc4 Bd7 7. Bg2 Na5 8.
Qd3 Rc8 9. O-O Be7 10. Nc3 c5 11. dxc5 Bxc5 12. Ne5 Nc6 13. Nxd7 Qxd7 14. Qxd7+
Nxd7 15. Ne4 Ke7 16. Nxc5 Nxc5 17. Be3 b6 18. Bxc5+ bxc5 19. Rfc1 Nb4 20. a3 {
Dale necitelne.} 0-1

[Event "Open Ricany 2012"]
[Site "www.openricany.cz"]
[Date "2012.09.01"]
[Round "8.40"]
[White "Sedivy, Ondrej"]
[Black "Havlicek, Pavel"]
[Result "1-0"]
[WhiteElo "1784"]
[BlackElo "1705"]
[PlyCount "43"]
[EventDate "2012.??.??"]

1. c4 c5 2. Nc3 Nc6 3. g3 e5 4. Bg2 Nf6 5. e3 Be7 6. Nge2 O-O 7. O-O d6 8. d4
exd4 9. exd4 Na5 10. b3 Rb8 11. Qc2 b6 12. dxc5 dxc5 13. Bf4 Rb7 14. Rad1 Qe8
15. Nb5 Bd8 16. Nd6 Qe6 17. Nxb7 Nxb7 18. Nc3 Re8 19. Qd2 g6 20. Rfe1 Qf5 21.
Rxe8+ Nxe8 22. Qe3 1-0